000 00465nam a2200157 i 4500
001 29271
003 ES-MaACL
005 20230906154013.0
007 t|
008 030121s1978 sp ||||1| spa d
100 1 _aBallester, Manuel.
_925004
245 1 0 _aQuímica orgánica física
_b: fundamentos y espectrometrías /
_cManuel Ballester.
260 _aMadrid :
_bPirámide,
_c[1978]
300 _a538 p. :
_bil. ;
_c24 cm.
852 _aES-MaACL
_jA-9256
_bR.98218
999 _c29271
_d29271